|
|
|
|
| LEADER |
02575cas a2200253 a 4500 |
| 001 |
AALejournalIMF015658 |
| 008 |
230101c9999 xx r poo 0 0eng d |
| 020 |
|
|
|c 50.00 USD
|
| 020 |
|
|
|z 9781589066892
|
| 022 |
|
|
|a 1020-1343
|
| 040 |
|
|
|a BD-DhAAL
|c BD-DhAAL
|
| 110 |
2 |
|
|a International Monetary Fund.
|b Research Dept.
|
| 240 |
1 |
0 |
|a Perspectives de l'economie mondiale, octobre 2007: Mondialisation et inegalite.
|l French
|
| 245 |
1 |
0 |
|a Perspectives de l'economie mondiale, octobre 2007 :
|b Mondialisation et inegalite.
|
| 264 |
|
1 |
|a Washington, D.C. :
|b International Monetary Fund,
|c 2007.
|
| 300 |
|
|
|a 1 online resource (293 pages)
|
| 490 |
1 |
|
|a World Economic Outlook
|
| 500 |
|
|
|a <strong>Off-Campus Access:</strong> No User ID or Password Required
|
| 500 |
|
|
|a <strong>On-Campus Access:</strong> No User ID or Password Required
|
| 506 |
|
|
|a Electronic access restricted to authorized BRAC University faculty, staff and students
|
| 520 |
3 |
|
|a La croissance mondiale a ete vigoureuse au premier semestre de 2007, bien que les remous sur les marches financiers aient assombri les perspectives. Si les previsions pour 2007 n'ont guere ete touchees, la projection de reference pour la croissance mondiale en 2008 a ete revisee a la baisse de pres de 1\2 point par rapport a la mise a jour des Perspectives de l'economie mondiale en juillet 2007. La croissance mondiale resterait quand meme vigoureuse, a 4 3/4 %, portee par des parametres fondamentaux generalement solides et une forte expansion dans les pays emergents. Cependant, les perspectives ont bien plus de chances d'etre revisees a la baisse qu'a la hausse, la principale crainte etant que les tensions sur les marches financiers s'aggravent et provoquent un ralentissement mondial plus prononce. Dans l'immediat, les pouvoirs publics ont donc pour tache de retablir des conditions plus normales sur les marches financiers et de preserver l'expansion. Les autres facteurs qui pesent sur les perspectives sont le risque de tensions inflationnistes, la volatilite des marches petroliers et l'effet des entrees massives de devises sur les pays emergents. Par ailleurs, des problemes a plus long terme tels que le vieillissement de la population, la resistance croissante a la mondialisation et le rechauffement planetaire sont une source de preoccupation.
|
| 538 |
|
|
|a Mode of access: Internet
|
| 830 |
|
0 |
|a World Economic Outlook; World Economic Outlook ;
|v No. 2007/002
|
| 856 |
4 |
0 |
|z Full text available on IMF
|u http://elibrary.imf.org/view/books/081/07982-9781589066892-fr/07982-9781589066892-fr-book.xml
|z IMF e-Library
|